[Event "AUTO-ADV-3715"]
[Site "http://www.queenalice.com/game.php?id=1444922"]
[Date "2016.10.9"]
[Round "1"]
[White "josebaron"]
[Black "Danimunte"]
[Result "0-1"]
[WhiteElo "2039"]
[BlackElo "1664"]

1. e4 e5 2. Bc4 Nc6 3. d3 f5 4. exf5 Nf6 5. Nc3 Bb4 6. Bg5 d6 7. Bxf6 Qxf6 8.
Qh5+ Kf8 9. Nf3 Bxf5 10. O-O Bg6 11. Qg5 Qxg5 12. Nxg5 Rd8 13. Ne6+ Ke7 14. Nxd8
Kxd8 15. a3 Bc5 16. Ne4 Bb6 17. Bd5 Nd4 18. c3 Ne2+ 19. Kh1 Bf5 20. Bxb7 Nf4 21.
Ba6 d5 22. Ng5 Ke7 23. g3 Bxd3 24. Bxd3 Nxd3 25. Rab1 h6 26. Nf3 Rf8 27. Nxe5
Nxe5 28. Rfe1 Kd6 29. f4 Nf3 30. Re2 g5 31. Rf1 g4 32. h3 h5 33. Re5 Nxe5 34.
fxe5+ Ke7 35. Re1 Bf2 36. Re2 Bxg3 37. Kg2 Bh4 38. hxg4 hxg4 39. b4 Ke6 40. a4
Rf3 41. Rc2 Rg3+ 42. Kh2 Kxe5 43. c4 dxc4 44. Rxc4 Ra3 45. Rxg4 Be7 46. b5 Bd6
47. Kg2 Kd5 48. Kf1 Kc5 49. Ke2 Kb6 50. Kd1 Ka5 51. Kc2 Rxa4 0-1

[Event "Challenge"]
[Site "http://www.queenalice.com/game.php?id=1476399"]
[Date "2017.5.2"]
[Round "-"]
[White "mvson33"]
[Black "Danimunte"]
[Result "0-1"]
[WhiteElo "1784"]
[BlackElo "1671"]

1. e4 e5 2. Nf3 Nc6 3. Bc4 h6 4. Nc3 Nf6 5. O-O Bb4 6. d3 Bxc3 7. bxc3 d6 8. Bb2
Bg4 9. Bb3 Qe7 10. h3 Bd7 11. Re1 Nh5 12. c4 Qf6 13. Nd2 O-O-O 14. Rf1 Qg5 15.
Kh2 Ne7 16. Bc1 Ng6 17. Bb2 Nhf4 18. Rg1 Nh4 19. g3 Nxh3 20. Rf1 Qg6 21. gxh4
Nf4 22. Rg1 Qe6 23. Rg3 Qf6 24. Nf3 Ng6 25. Qe2 Nf4 26. Rag1 Nxe2 27. R1g2 Nxg3
0-1

[Event "Challenge"]
[Site "http://www.queenalice.com/game.php?id=1476400"]
[Date "2017.5.2"]
[Round "-"]
[White "Danimunte"]
[Black "mvson33"]
[Result "0-1"]
[WhiteElo "1676"]
[BlackElo "1729"]

1. d4 Nf6 2. c4 e6 3. Nf3 d5 4. b3 dxc4 5. Nc3 Be7 6. e4 O-O 7. Bxc4 b6 8. O-O
Bb7 9. Bf4 Nbd7 10. e5 Nd5 11. Nxd5 Bxd5 12. Bxd5 exd5 13. Qd3 c6 14. Rfe1 Bb4
15. Re2 h6 16. Rc1 Rc8 17. g3 Be7 18. Nd2 Nb8 19. Qf3 Nd7 20. Qd3 Nb8 21. Rd1
Nd7 22. e6 fxe6 23. Rxe6 Nf6 24. Nf3 Re8 25. Qg6 Bb4 26. Rxe8+ Qxe8 27. Qf5 c5
28. Rd3 Qf8 29. Ne5 Qd8 30. Qg6 cxd4 31. Rxd4 Bc5 32. Bxh6 Qe7 33. Rh4 Rc7 34.
Bf4 Bd4 35. Ng4 Nxg4 36. Bxc7 Qe1+ 37. Kg2 Qxf2+ 38. Kh3 Nf6 39. Bd8 Qf1# 0-1

[Event "Challenge"]
[Site "http://www.queenalice.com/game.php?id=1477376"]
[Date "2017.5.9"]
[Round "-"]
[White "mvson33"]
[Black "Danimunte"]
[Result "1-0"]
[WhiteElo "1698"]
[BlackElo "1692"]

1. e4 e5 2. Nf3 Nc6 3. Bc4 h6 4. Nc3 Bb4 5. Nd5 Nf6 6. Nxf6+ Qxf6 7. O-O O-O 8.
a3 Be7 9. d3 Qg6 10. Ba2 d6 11. Be3 Bh3 12. g3 Bxf1 13. Kxf1 Rad8 14. Kg2 Bf6
15. Qe2 Be7 16. Nd2 Kh8 17. f4 Bh4 18. fxe5 Bg5 19. Bxg5 Qxg5 20. exd6 Rxd6 21.
Rf1 Ne5 22. Nf3 Qf6 23. Nxe5 Qxe5 24. c3 Rfd8 25. Rd1 f5 26. Rd2 fxe4 27. Bc4 b5
28. Ba2 e3 29. Rd1 Rf6 30. Rf1 Rxf1 31. Qxf1 e2 32. Qe1 Rxd3 33. Bb1 Rd1 34. Qf2
e1=Q 35. Qf8# 1-0

[Event "Challenge"]
[Site "http://www.queenalice.com/game.php?id=1477377"]
[Date "2017.5.9"]
[Round "-"]
[White "Danimunte"]
[Black "mvson33"]
[Result "0-1"]
[WhiteElo "1662"]
[BlackElo "1926"]

1. d4 Nf6 2. c4 e6 3. Nf3 d5 4. Nc3 dxc4 5. e4 b6 6. Bxc4 Be7 7. O-O O-O 8. e5
Nfd7 9. g3 Bb7 10. Qd3 h6 11. a3 c5 12. Be3 cxd4 13. Nxd4 Nxe5 14. Qe2 Nxc4 15.
Qxc4 Nd7 16. Rad1 Rc8 17. Qa4 Ra8 18. Nf3 Bc8 19. Qe4 Rb8 20. Bf4 Bb7 21. Qd3
Nf6 22. Qe2 Qc8 23. Nb5 Ra8 24. Ne5 Qe8 25. a4 Ba6 26. Qf3 Bxb5 27. axb5 Qxb5
28. b3 Rfd8 29. Rb1 Rac8 30. g4 Nd5 31. Bd2 Nf6 32. Bf4 Bb4 33. Qh3 Rc3 34. Qh4
Rcc8 35. g5 hxg5 36. Bxg5 Qxe5 37. Bf4 Qh5 38. Qxh5 Nxh5 39. Be3 Rd7 40. Ra1
Rdc7 41. Ra4 Bd6 42. Rh4 Bxh2+ 43. Kxh2 Nf6 44. Rh1 Kf8 45. Kg2 Ke7 46. Bd2 Rc2
47. Bg5 Re2 48. Rh7 Rcc2 49. Rf1 Kf8 50. Rh8+ Ng8 51. Bh4 f6 52. Rd1 Kf7 53.
Rd7+ Ne7 54. Rxa7 Rb2 55. Bg3 e5 56. Rd8 Ke6 57. Re8 Rxb3 58. Rexe7+ Kd5 59.
Rad7+ Kc5 60. Rxg7 e4 61. Rge7 Rbb2 62. Bd6+ Kb5 63. Bg3 e3 64. Kf3 exf2 65.
Bxf2 Rxf2+ 66. Ke4 Rfe2+ 67. Kf5 Rxe7 68. Rxe7 Rf2+ 69. Kg6 f5 70. Kf6 f4 71.
Kf5 Rf1 72. Kg4 Ka5 73. Re4 f3 74. Rf4 f2 75. Kg3 b5 76. Kg2 Rc1 77. Kxf2 b4 78.
Ke2 Ka4 79. Kd2 Rc8 80. Rf1 b3 81. Rb1 Ka3 82. Ra1+ Kb2 83. Rf1 Ka2 84. Kd3 b2
85. Rf2 Ka1 86. Rxb2 Kxb2 87. Kd4 Kb3 88. Kd5 Kb4 89. Kd6 Kb5 90. Kd5 Rc4 91.
Kd6 Rc5 92. Ke6 Kc6 93. Kf6 Rd5 94. Ke7 Rd6 95. Kf7 Kd7 96. Kf8 Ke6 97. Kg7 Kf5
98. Kf7 Re6 99. Kg7 Rf6 100. Kg8 Kg6 101. Kh8 Rf8# 0-1

[Event "AUTO-INT-3299"]
[Site "http://www.queenalice.com/game.php?id=1505908"]
[Date "2017.11.28"]
[Round "1"]
[White "alepersichetti"]
[Black "Danimunte"]
[Result "0-1"]
[WhiteElo "1450"]
[BlackElo "1674"]

1. e4 e5 2. f3 Nf6 3. d4 d6 4. Nd2 Nc6 5. Nc4 exd4 6. Bd2 d5 7. exd5 Qxd5 8.
Qe2+ Be7 9. O-O-O Be6 10. Qf2 O-O 11. Bd3 b5 12. Na3 Qxa2 13. Bxb5 Bxa3 14. Ba5
Qxb2+ 15. Kd2 Qxb5 16. Ne2 Qxa5+ 17. c3 dxc3+ 18. Nxc3 Rfd8+ 19. Kc2 Rxd1 20.
Rxd1 Bf5+ 21. Kd2 Rd8+ 22. Ke2 Rxd1 23. Kxd1 Nd5 24. Qe2 Bd7 25. Nxd5 Qxd5+ 26.
Ke1 h6 27. Qe4 Qxe4+ 28. fxe4 Ne5 29. Kf2 a5 30. h4 a4 31. g3 Bb5 32. g4 Bc5+
33. Kg3 a3 34. Kf4 Nd3+ 35. Kf5 a2 0-1

[Event "AUTO-INT-3299"]
[Site "http://www.queenalice.com/game.php?id=1505909"]
[Date "2017.11.28"]
[Round "1"]
[White "Danimunte"]
[Black "alepersichetti"]
[Result "1-0"]
[WhiteElo "1681"]
[BlackElo "1443"]

1. d4 d5 2. Nf3 Nf6 3. c4 e6 4. Ne5 Nbd7 5. Nxd7 Bxd7 6. Nc3 Bb4 7. Bd2 O-O 8.
g3 Qe8 9. Bg2 c6 10. c5 b6 11. cxb6 axb6 12. O-O Ne4 13. Nxe4 Be7 14. Nc3 b5 15.
e4 b4 16. Ne2 c5 17. exd5 exd5 18. Bxd5 Bh3 19. Re1 Rd8 20. Nf4 Qd7 21. Be4 Bg4
22. Bf3 Qxd4 23. Bxg4 Qxb2 24. Re2 Bf6 25. Rb1 Qxa2 26. Qc1 Rfe8 27. Rxe8+ Rxe8
28. Bf5 g6 29. Bg4 b3 30. Nd3 c4 31. Nb4 Bb2 32. Qxb2 Qxb2 33. Rxb2 c3 34. Bxc3
h5 35. Bf3 Re1+ 36. Bxe1 f5 37. Rxb3 1-0

[Event "AUTO-INT-3299"]
[Site "http://www.queenalice.com/game.php?id=1505922"]
[Date "2017.11.28"]
[Round "1"]
[White "ajr"]
[Black "Danimunte"]
[Result "1-0"]
[WhiteElo "1643"]
[BlackElo "1677"]

1. Nf3 d5 2. h3 Nf6 3. d4 Nc6 4. Nc3 Bf5 5. Bg5 e6 6. Bxf6 gxf6 7. e3 Bb4 8. Qd2
Be4 9. a3 Bxc3 10. Qxc3 Qd6 11. Bb5 a6 12. Bxc6+ Qxc6 13. Qxc6+ bxc6 14. c3
O-O-O 15. Ke2 Rhg8 16. Rag1 Kd7 17. Nd2 Bg6 18. Nb3 Rb8 19. Nc5+ Ke7 20. b4 Ra8
21. Rb1 Bxb1 22. Rxb1 Rxg2 23. Rh1 a5 24. Kf3 Rg5 25. Ke2 f5 26. Nb7 axb4 27.
axb4 Ra2+ 28. Kf3 Rc2 29. h4 Rg8 30. Nc5 Rxc3 31. Rh3 Rb8 32. Na6 Rc8 33. Rh1
Rc2 34. Rg1 Ra2 35. Nc5 Rb8 36. Nd3 Ra3 37. Ne5 Ra6 38. Rc1 Rxb4 39. Rxc6 Ra7
40. Rc5 Rb1 41. Nc6+ Kd6 42. Nxa7 Rh1 43. Nb5+ Ke7 44. Rxc7+ Kf6 45. Kg3 Rb1 46.
Nd6 h5 47. Rxf7+ Kg6 48. Kf4 Rb6 49. Ke5 Rxd6 50. Rxf5 Rb6 51. Rf6+ Kg7 52. Rxe6
Rb5 53. Rd6 Rb2 54. Rf6 Rb5 55. Rd6 Rb2 56. f3 Rb5 57. Rxd5 Rb3 58. Ke4 Kg6 59.
Rd6+ Kf7 60. d5 Ke7 61. Rh6 Rb4+ 62. Kf5 Rxh4 63. f4 Kf7 64. Kg5 Rh1 65. e4 h4
66. Rxh4 Rg1+ 67. Kf5 Ke7 68. e5 Rg7 69. d6+ Kd7 70. Kf6 Rg8 71. Rh7+ Kc6 72.
Rc7+ Kb6 73. f5 Rf8+ 74. Ke6 Re8+ 75. Re7 Rh8 76. f6 Rh6 77. d7 Rh8 78. Re8 1-0

[Event "AUTO-INT-3299"]
[Site "http://www.queenalice.com/game.php?id=1505923"]
[Date "2017.11.28"]
[Round "1"]
[White "Danimunte"]
[Black "ajr"]
[Result "1-0"]
[WhiteElo "1657"]
[BlackElo "1693"]

1. d4 d5 2. Nf3 h6 3. c4 Bf5 4. a3 Bxb1 5. Rxb1 Nc6 6. e3 e6 7. c5 a6 8. Be2 Nf6
9. O-O g5 10. b4 Ne4 11. b5 Na5 12. Ne5 Nc3 13. Qc2 Nxb1 14. Qxb1 Bg7 15. b6
Bxe5 16. dxe5 c6 17. Rd1 Qe7 18. Qc2 f5 19. exf6 Qxf6 20. Bh5+ Ke7 21. Bb2 Qf5
22. Qc3 Nc4 23. Qg7+ 1-0

[Event "AUTO-INT-3299"]
[Site "http://www.queenalice.com/game.php?id=1505932"]
[Date "2017.11.28"]
[Round "1"]
[White "Danimunte"]
[Black "fracasso"]
[Result "0-1"]
[WhiteElo "1687"]
[BlackElo "1541"]

1. d4 d5 2. Nf3 Nc6 3. c4 dxc4 4. Nc3 b5 5. e4 Nf6 6. Be2 Nb4 7. a3 Nc6 8. O-O
b4 9. axb4 Nxb4 10. Bxc4 e6 11. Bf4 Ng4 12. Bb5+ Bd7 13. Nd2 c6 14. Bc4 h5 15.
h3 Nf6 16. Nf3 Be7 17. e5 Nfd5 18. Ne4 f5 19. Nc3 Nxf4 20. Qd2 Nfd5 21. Bb3 c5
22. Nxd5 exd5 23. Rfe1 O-O 24. e6 Be8 25. dxc5 Bxc5 26. e7 Qb6 27. exf8=Q+ Kxf8
28. Qe2 Bb5 29. Qd2 Nd3 30. Red1 Bxf2+ 31. Kh1 Re8 32. Bxd5 Qd6 33. Bb3 Be3 34.
Qa5 a6 35. Rf1 Nxb2 36. Qc3 Nd3 37. Ne1 Bd4 38. Rxf5+ Ke7 39. Qa5 Nf2+ 40. Kg1
Nxh3+ 41. Kh1 Rf8 42. Rxf8 Kxf8 43. gxh3 Bc6+ 44. Ng2 Qg3 45. Qd8+ Be8 46. Rf1+
Bf2 47. Ba4 Qxh3# 0-1

[Event "AUTO-INT-3299"]
[Site "http://www.queenalice.com/game.php?id=1505933"]
[Date "2017.11.28"]
[Round "1"]
[White "fracasso"]
[Black "Danimunte"]
[Result "0-1"]
[WhiteElo "1563"]
[BlackElo "1665"]

1. e4 e5 2. Nf3 Nc6 3. Bc4 h6 4. O-O f5 5. c3 Nf6 6. d4 fxe4 7. Nxe5 Nxe5 8.
dxe5 Nh7 9. Nd2 d5 10. Qh5+ Kd7 11. Bxd5 Qg5 12. Qh3+ Kd8 13. Qg3 Qxg3 14. fxg3
e3 15. Ne4 Bg4 16. Bxb7 Rb8 17. Bc6 g6 18. Bxe3 Rxb2 19. h3 Be2 20. Bxa7 Bxf1
21. Rxf1 Bg7 22. Nf6 Ng5 23. Rd1+ Kc8 24. Be8 Bxf6 25. exf6 Rxe8 26. h4 Nf7 27.
a4 Ra2 28. g4 Rxa4 29. Bc5 Rxg4 30. Ra1 Rxh4 31. Ra8+ Kd7 32. Ra7 Rf4 33. Bd4 g5
34. g3 Rg4 35. Ra6 Rxg3+ 36. Kh2 Rd3 37. Kg2 h5 38. Ra5 Rg8 39. Rd5+ Kc8 40. Kf2
h4 41. Ke2 Rh3 42. Kf2 g4 43. Bc5 g3+ 44. Kf3 g2+ 45. Kf4 Rhg3 46. Be7 g1=Q 47.
c4 R8g4+ 48. Kf5 h3 49. Bc5 Qb1+ 50. Ke6 Qg6 51. Ke7 Re4+ 0-1

[Event "AUTO-INT-3299"]
[Site "http://www.queenalice.com/game.php?id=1520877"]
[Date "2018.3.23"]
[Round "2"]
[White "qxr"]
[Black "Danimunte"]
[Result "0-1"]
[WhiteElo "1694"]
[BlackElo "1675"]

1. Nf3 d5 2. d4 Bg4 3. Ne5 Bf5 4. c4 c6 5. e3 Nf6 6. Bd3 Bxd3 7. Qxd3 e6 8. O-O
Nbd7 9. Nxd7 Nxd7 10. b3 Be7 11. Nc3 Bd6 12. e4 Nf6 13. e5 Bc7 14. exf6 Qxf6 15.
cxd5 cxd5 16. Qb5+ Kf8 17. Ba3+ Kg8 18. Qxb7 Qd8 19. Rac1 h6 20. Nb5 Rb8 21. Qa6
Rb6 22. Qa4 Bf4 23. Rcd1 a6 24. Nc3 Kh7 25. b4 Qg5 26. Qc2+ g6 27. Ne2 Bd6 28.
g3 Rbb8 29. Bc1 Qh5 30. f4 Rxb4 31. Ba3 Rb6 32. Bxd6 Rxd6 33. Qc5 Rdd8 34. Qa7
Rhf8 35. Qxa6 Ra8 36. Qd6 Qxe2 37. a3 Rfb8 38. Rde1 Qd3 39. Rd1 Qc3 40. Qe7 Kg7
41. f5 Qe3+ 42. Rf2 Rxa3 43. fxg6 Rf8 44. Rf1 Qxd4 45. Kg2 Qe4+ 46. Kg1 Qxg6 47.
Rf6 Rxg3+ 48. Kh1 Qe4+ 49. R6f3 Rxf3 50. Kg1 Qg4+ 0-1

[Event "AUTO-INT-3299"]
[Site "http://www.queenalice.com/game.php?id=1520878"]
[Date "2018.3.23"]
[Round "2"]
[White "Danimunte"]
[Black "qxr"]
[Result "0-1"]
[WhiteElo "1692"]
[BlackElo "1703"]

1. d4 Nf6 2. Nf3 h6 3. c4 e6 4. Nc3 Bb4 5. Bd2 Be7 6. e3 O-O 7. Be2 c6 8. O-O d6
9. Qc2 b6 10. Bd3 d5 11. Ne5 Ba6 12. b3 Bb7 13. Ne2 Re8 14. a4 Nbd7 15. a5 Qb8
16. Nf3 e5 17. dxe5 Ng4 18. Bf5 Ndxe5 19. Ned4 c5 20. Nb5 a6 21. Na3 Nf6 22.
Nxe5 Bd6 23. f4 Bxe5 24. fxe5 Ne4 25. b4 Nxd2 26. Qxd2 Qxe5 27. Bd7 Red8 28. Bg4
dxc4 29. Qe2 c3 30. Qf2 f6 31. Nc4 Qe4 32. Be2 cxb4 33. Nxb6 Rab8 34. Rad1 Rxd1
35. Rxd1 b3 36. Bf3 Qb4 37. Bxb7 Rxb7 38. Nd5 Qc4 39. Rd4 Qc5 40. Qf5 Qc6 41.
Re4 c2 42. Ne7+ Rxe7 43. Rxe7 c1=Q+ 44. Qf1 Qxf1+ 45. Kxf1 Qc1+ 46. Kf2 b2 47.
Rb7 b1=Q 48. Rxb1 Qxb1 49. Kg3 Qb5 50. Kh3 Qxa5 51. g3 Qb4 52. Kg2 a5 53. Kh3 a4
54. Kg2 a3 55. Kf3 a2 56. Kg2 a1=Q 57. Kf3 Qf1# 0-1

[Event "AUTO-INT-3299"]
[Site "http://www.queenalice.com/game.php?id=1520881"]
[Date "2018.3.23"]
[Round "2"]
[White "ajr"]
[Black "Danimunte"]
[Result "1-0"]
[WhiteElo "1630"]
[BlackElo "1657"]

1. d4 d5 2. h3 Nc6 3. Nf3 Nf6 4. Bg5 e5 5. Bxf6 Qxf6 6. e3 e4 7. Nfd2 Bb4 8. c3
Be7 9. Bb5 Bd7 10. Bxc6 Bxc6 11. a3 O-O 12. Nb3 Rad8 13. Na5 Bb5 14. Nxb7 Rb8
15. Na5 Qa6 16. b4 Qg6 17. Qg4 Qd6 18. a4 Bd7 19. Qe2 Qg6 20. O-O Bxh3 21. g3
Bxf1 22. Qxf1 Bd6 23. Nc6 Rbe8 24. Nxa7 Re6 25. Nb5 Be7 26. Nxc7 Rd6 27. a5 Rd7
28. Na6 Rd6 29. Nd2 Rxa6 30. Qb5 Rd6 31. Nb3 h5 32. a6 Rdd8 33. a7 Ra8 34. Qxd5
Rfd8 35. Qb7 h4 36. Kg2 Bd6 37. Ra6 Qf5 38. Rxd6 Re8 39. Nc5 Qf3+ 40. Kf1 1-0

[Event "AUTO-INT-3299"]
[Site "http://www.queenalice.com/game.php?id=1520882"]
[Date "2018.3.23"]
[Round "2"]
[White "Danimunte"]
[Black "ajr"]
[Result "0-1"]
[WhiteElo "1676"]
[BlackElo "1611"]

1. d4 d5 2. Nf3 Bg4 3. Nbd2 Bxf3 4. gxf3 Nc6 5. Bg2 e6 6. c3 h6 7. O-O f5 8. f4
Bd6 9. e3 Qh4 10. Nf3 Qg4 11. h3 Qg6 12. Qa4 Nf6 13. Nh4 Qf7 14. Qd1 Qh5 15.
Qxh5+ Nxh5 16. Rb1 Be7 17. Nf3 Nf6 18. Nh4 Kd7 19. b3 Ne4 20. Bxe4 Bxh4 21. Bd3
Be7 22. f3 Bf6 23. e4 a6 24. exd5 exd5 25. Bxf5+ Kd6 26. Ba3+ Nb4 27. Bxb4+ Kc6
28. Rfe1 b6 29. Re6+ Kb7 30. Rd1 Rae8 31. Rxe8 Rxe8 32. c4 dxc4 33. bxc4 a5 34.
Bc3 Re3 35. Bd2 Re2 36. Be4+ Ka6 37. d5 Bd4+ 38. Kf1 Rh2 39. Bd3 Rxh3 0-1

[Event "AUTO-INT-3299"]
[Site "http://www.queenalice.com/game.php?id=1520885"]
[Date "2018.3.23"]
[Round "2"]
[White "Danimunte"]
[Black "vangogh"]
[Result "1-0"]
[WhiteElo "1660"]
[BlackElo "1373"]

1. d4 d5 2. Nf3 h6 3. c4 dxc4 4. Nc3 Nf6 5. e3 e6 6. Bxc4 c6 7. O-O Bb4 8. Bd2
O-O 9. a3 Bxc3 10. Bxc3 b5 11. Bd3 Qd5 12. Qc2 Bb7 13. Rfe1 a6 14. Bb4 Rc8 15.
e4 Qd7 16. Ne5 Qd8 17. a4 Qxd4 18. Bc3 Qc5 19. a5 b4 20. Qb3 Nbd7 21. Nf3 Ra7
22. Bxb4 Qh5 23. Be2 Nxe4 24. Ba3 Ndc5 25. Qc2 Qf5 26. Rad1 e5 27. Bxc5 Raa8 28.
Bd3 1-0

[Event "AUTO-INT-3299"]
[Site "http://www.queenalice.com/game.php?id=1520886"]
[Date "2018.3.23"]
[Round "2"]
[White "vangogh"]
[Black "Danimunte"]
[Result "0-1"]
[WhiteElo "1508"]
[BlackElo "1665"]

1. e4 e5 2. d4 f6 3. dxe5 Nc6 4. exf6 Nxf6 5. Bg5 Be7 6. Nc3 O-O 7. a3 b6 8. Nf3
d6 9. Bc4+ Kh8 10. O-O Bg4 11. Ba6 Rb8 12. Qd2 Nd7 13. Ne1 Bxg5 14. Qd5 Ne7 15.
Qxg5 Be6 16. Nf3 Nf6 17. Bd3 h6 18. Qe3 Ng4 19. Qe2 Nc6 20. Bb5 Bd7 21. h3 Nge5
22. Bxc6 Bxc6 23. Rad1 Nxf3+ 24. gxf3 Qg5+ 25. Kh2 Bd7 26. Rg1 Qh4 27. Rg3 Rf6
28. e5 Re6 29. Rg4 Qh5 30. f4 Re7 31. Rg3 Qf7 32. Nd5 Re6 33. Nxc7 Re7 34. Nd5
Re6 35. Rf3 Rg6 36. Qa6 Be6 37. Nb4 dxe5 38. Nc6 Rc8 39. Nxa7 Rxc2 40. Qxb6 Bg4
41. hxg4 Rxg4 42. Qd8+ Qg8 43. fxe5 Re4 44. Rf8 Rxf2+ 45. Kg1 Rxf8 46. Qe7 Re8
47. Qb7 R8xe5 48. b4 Rg4+ 49. Kh2 Rh5# 0-1

[Event "Challenge"]
[Site "http://www.queenalice.com/game.php?id=1548216"]
[Date "2018.11.5"]
[Round "-"]
[White "Danimunte"]
[Black "ichtus"]
[Result "0-1"]
[WhiteElo "1640"]
[BlackElo "2690"]

1. d4 d5 2. Nf3 Nf6 3. c4 e6 4. Bd2 Ne4 5. Bc1 dxc4 6. e3 b5 7. b3 Bb4+ 8. Nfd2
c3 9. Bxb5+ c6 10. a3 cxd2+ 11. Nxd2 Bxd2+ 12. Bxd2 cxb5 13. Bc1 Qf6 14. O-O Bb7
15. f3 Nd6 16. e4 Qe7 17. e5 Nf5 18. a4 b4 19. Qd3 O-O 20. Bd2 a5 21. Rac1 Rd8
22. f4 Rxd4 23. Qc2 Na6 24. Rf2 Rc8 25. Qxc8+ Bxc8 26. Rxc8+ Rd8 27. Rc6 Nc5 28.
g4 Nd4 29. Rb6 Ne4 30. Rg2 Nxd2 31. f5 exf5 32. gxf5 N4f3+ 33. Kf2 Qh4+ 34. Ke2
Qe1# 0-1

[Event "Challenge 2"]
[Site "http://www.queenalice.com/game.php?id=1549209"]
[Date "2018.11.15"]
[Round "-"]
[White "ichtus"]
[Black "Danimunte"]
[Result "1-0"]
[WhiteElo "2702"]
[BlackElo "1638"]

1. Nf3 d5 2. d4 e6 3. Bg5 f6 4. Bf4 Nc6 5. e3 g5 6. Bg3 g4 7. Nfd2 Bd7 8. Qxg4
e5 9. Qh5+ Ke7 10. dxe5 Bg7 11. Nc3 Be6 12. exf6+ Bxf6 13. Bh4 Bf7 14. Bxf6+
Nxf6 15. Qd1 Kf8 16. Bb5 a6 17. Bxc6 bxc6 18. Qf3 Bh5 19. Qf4 Rg8 20. Rg1 Rg4
21. Qh6+ Rg7 22. g4 Bxg4 23. h3 Ng8 24. Qf4+ Bf5 25. Rxg7 Kxg7 26. Qxf5 Nh6 27.
Qe5+ Kf8 28. Qf4+ Nf7 29. O-O-O Qd7 30. Nde4 Ke7 31. Qf6+ Kf8 32. Ng5 h5 33.
Nxf7 Qxf7 34. Qxf7+ Kxf7 35. e4 dxe4 36. Nxe4 a5 37. Rd7+ Ke6 38. Rxc7 Ke5 39.
Nd2 Kd6 40. Rh7 Re8 41. c3 Kc5 42. Rxh5+ Kb6 43. Nc4+ Kc7 44. Nxa5 Re1+ 45. Kd2
Re6 46. f4 Kb6 47. Re5 Rd6+ 48. Ke3 c5 49. Nc4+ Kc6 50. Nxd6 Kxd6 51. b4 c4 52.
h4 Kc6 53. h5 Kd6 54. h6 Kc6 55. h7 Kd6 56. h8=Q Kc6 57. Qf6+ Kd7 58. Re7+ Kd8
59. Qf8# 1-0

[Event "Challenge"]
[Site "http://www.queenalice.com/game.php?id=1553168"]
[Date "2018.12.16"]
[Round "-"]
[White "WLAO"]
[Black "Danimunte"]
[Result "1-0"]
[WhiteElo "1497"]
[BlackElo "1620"]

1. b3 Nc6 2. g3 d5 3. Ba3 Nf6 4. Bg2 Bf5 5. d3 Qd7 6. Nf3 g6 7. O-O Bh3 8. Ng5
Bxg2 9. Kxg2 h6 10. Nf3 O-O-O 11. Nbd2 Bg7 12. d4 Nh5 13. c3 f6 14. b4 e5 15.
Nh4 Ne7 16. Rb1 e4 17. e3 Nf5 18. Nxg6 Rhe8 19. c4 Qf7 20. Nf4 Bf8 21. c5 Nxf4+
22. exf4 Nxd4 23. Nb3 Nb5 24. Bb2 Be7 25. Qe2 f5 26. Qxb5 Qg6 27. Na5 b6 28.
Qa6+ Kd7 29. Nb7 Ra8 30. Qb5+ Ke6 31. c6 Kf7 32. Be5 a6 33. Qe2 Qxc6 34. Qh5+
Ke6 35. Qxh6+ Kd7 36. Qxc6+ Kxc6 37. a4 Kxb7 38. Rfd1 Red8 39. b5 c6 40. bxc6+
Kxc6 41. Rdc1+ Kd7 42. Rc7+ Ke6 43. Rc6+ Kf7 44. Rcxb6 Ke8 45. Bc7 Rdc8 46. Bd6
Bxd6 47. Rxd6 Rd8 48. Re6+ Kd7 49. Rbb6 Kc7 50. Rbc6+ Kb7 51. a5 Rdc8 52. Rb6+
Kc7 53. Re7+ Kd8 54. Rh7 d4 55. Rd6+ Ke8 56. Rg6 Kf8 57. Rgh6 d3 58. Rf6+ Kg8
59. Rff7 d2 60. Rhg7+ Kh8 61. Rh7+ Kg8 62. Rfg7+ Kf8 63. Rd7 Kg8 64. Rhe7 Rd8
65. Rg7+ Kf8 66. Rdf7+ Ke8 67. Rh7 Rdb8 68. Re7+ Kd8 69. Reg7 Ke8 70. Rh8# 1-0

[Event "Challenge"]
[Site "http://www.queenalice.com/game.php?id=1553503"]
[Date "2018.12.20"]
[Round "-"]
[White "WLAO"]
[Black "Danimunte"]
[Result "1-0"]
[WhiteElo "1632"]
[BlackElo "1636"]

1. b3 e5 2. Bb2 Nc6 3. e4 Bc5 4. Nf3 Nf6 5. d3 d5 6. exd5 Ng4 7. Nbd2 Nxf2 8.
Qe2 Nxh1 9. O-O-O Ne7 10. Kb1 f6 11. Ne4 Bb6 12. g3 Nf2 13. Nxf2 O-O 14. Ne4
Qxd5 15. Nc3 Qc6 16. Nh4 Be6 17. Bg2 Qd7 18. Bxb7 Rab8 19. Be4 Bd4 20. Nf3 Bxc3
21. Bxc3 Nd5 22. Bxd5 Qxd5 23. Bb2 Qa5 24. Nd2 Rb6 25. Nc4 Bxc4 26. dxc4 Rfb8
27. Qd3 Rd6 28. Qf1 Ra6 29. a4 c6 30. Qd3 Re8 31. Qd7 Kf8 32. Qd6+ Kg8 33. c5
Qb4 34. Qd7 Rb8 35. Qe6+ Kf8 36. Rd7 Qe1+ 37. Ka2 Re8 38. Qf7# 1-0

[Event "Challenge"]
[Site "http://www.queenalice.com/game.php?id=1576008"]
[Date "2019.7.1"]
[Round "-"]
[White "WLAO"]
[Black "Danimunte"]
[Result "0-1"]
[WhiteElo "1586"]
[BlackElo "1599"]

1. b3 Nc6 2. g3 e5 3. Bb2 Nf6 4. Bg2 Bc5 5. e3 O-O 6. a3 d5 7. b4 Bd6 8. Nf3 Bg4
9. O-O e4 10. d4 exf3 11. Bxf3 Bxf3 12. Qxf3 Ne4 13. c3 Ng5 14. Qf5 Qe7 15. Qxd5
Rad8 16. b5 Bxg3 17. Qg2 Bh4 18. bxc6 b6 19. Nd2 Qe6 20. Nf3 Nxf3+ 21. Qxf3 Qg6+
22. Kh1 Rd6 23. Rg1 Qe6 24. Qg2 g6 25. a4 Qb3 26. Ba3 Rd5 27. Bxf8 Kxf8 28. Qg4
Bxf2 29. Qc8+ Kg7 30. Rgf1 Qxc3 31. Rac1 Qxe3 32. Qxc7 Qf3# 0-1

[Event "Challenge"]
[Site "http://www.queenalice.com/game.php?id=1576010"]
[Date "2019.7.1"]
[Round "-"]
[White "WLAO"]
[Black "Danimunte"]
[Result "1-0"]
[WhiteElo "1582"]
[BlackElo "1614"]

1. b3 Nc6 2. Bb2 e5 3. d3 f6 4. e4 Bc5 5. Qh5+ g6 6. Qf3 d6 7. Ne2 Be6 8. g3 Qe7
9. Nbc3 O-O-O 10. Na4 Nd4 11. Nxd4 exd4 12. O-O-O Bb4 13. Kb1 d5 14. exd5 Bd7
15. Bxd4 Nh6 16. Bxf6 Rdf8 17. d6 Qxf6 18. Qd5 Bc6 19. d7+ Bxd7 20. Bg2 Bc6 21.
Qc4 Bxg2 22. Rhg1 Bf3 23. Qxb4 Bxd1 24. Rxd1 Qxf2 25. Nc5 b6 26. Na6 Re8 27. Qc4
Re7 28. Qc6 Qf8 29. Qa8+ Kd7 30. Qd5+ Ke8 31. Qc6+ Rd7 32. Re1+ Kf7 33. Rf1+ Nf5
34. Qxd7+ Kg8 35. Qe6+ Kg7 36. Nxc7 Kh6 37. g4 Kg5 38. gxf5 Qg7 39. Qe3+ Kf6 40.
fxg6+ Kxg6 41. Qg3+ Kh6 42. Qh4+ Kg6 43. Rg1+ Kf7 44. Rf1+ Kg6 45. Rg1+ Kf7 46.
Rxg7+ Kxg7 47. Ne6+ Kf7 48. Ng5+ Kg7 49. Qd4+ Kg8 50. Qf6 h6 51. Qf7# 1-0